000 00789nam a2200241 i 4500
003 DO-SdBNP
005 20230818082346.0
006 a||||gr|||| 00| 0
007 ta
008 230817t2003 dr ad||| |||| 00| 0 spa d
040 _aDO-SdBNP
_bspa
_cBNPHU
_erda
082 4 _222
_bP592s
100 1 _aPichardo, Alejandro,
_9238
_eautor
245 1 0 _a Sinopsis histórica de la Facultad de Ciencias de la Salud de la UASD. /
_cAlejando Pichardo
264 1 _aSanto Domingo :
_bUniversitaria - UASD,
_c2003
300 _a23 páginas :
_bIlustraciones, gráficas ;
_c13 cm.
336 _2rdacontent
_atexto
_btxt
337 _2rdamedia
_asin mediación
_bn
338 _2rdacarrier
_avolumen
_bnc
504 _aBibliografía: página 23
590 _aInventariado 2023 / MF
942 _2ddc
_cLF2
999 _c54448
_d54448